000 nam a22 a 4500
999 _c10679
_d10679
003 BLK
005 20230323112330.0
008 180412b bul|||||r ||||||| ||bul||
010 _aKNG00012180000
020 _a954-05-0043-5
040 _aBLK
041 _aBUL
_cBUL
080 _aТорове. Торене. Стимулиране растежа на растенията. Растителни стимулатори
_b631.8
_x(035)
_z631.8(035)
100 1 _aГорбанов, Стефан Петров
_eпърви автор
_9255762
139 _aГорбанов, Стефан Петров и др.
_bГ 65
245 1 0 _aКак да торим
_bРъководство
_cСтефан Петров Горбанов; съавт. Йордан Костадинов Матев.
257 _aBGR
260 _aСофия
_bЗемиздат
_c1992
_fПерник : Полиграф
300 _a72 с.
_bс табл.
_c20 см
380 _a63
490 _aТънкости в градината
_9202991
500 _a5 050 тир.
650 4 _aТорене - наръчници и ръководства
_9255764
653 _aторене
653 _aръководства
700 1 _aМатев, Йордан Костадинов
_eсъавт.
_9255763
852 _aЦб 171023
_bЦб
856 4 _qpdf
_u
_i0.00
_ldisable
856 4 _qpdf
_u
_i0.00
_ldisable
942 _cKNG
_n0
_s1
944 _aCR
_c15.01.2003
_kAB_DOS
944 _aED
_c29.09.2016
999 _d10679
999 _d10679